01436nab a22002177a 4500999001500000003000400015005001700019008004100036040000700077100003500084245017300119260007300292300001400365500004400379505048700423505009000910650001901000650003501019773015101054942001301205 c5391d5391OSt20250310125548.0190604e xxu||||| |||| 00| 0 spa d cPJ 96419aPirchio, Federico Carlos10aMedidas para el cumplimiento de la obligación alimentaria. La afectación de derechos y libertades individuales en procura de la eficacia /cFederico Carlos Pirchio. aCiudad Autónoma de Buenos Aires :bThomson Reuters La Ley, c2024. ap. 95-107 aCita Online: TR LALEY AR/DOC/2086/2024. aSumario: I. Introducción.— II. Aplicación práctica. Casuística.— III. El bien jurídico protegido: el derecho alimentario.— IV. El incumplimiento reiterado como presupuesto de las medidas.— V. Naturaleza jurídica de las medidas: sanción civil con finalidad de compeler al cumplimiento. La eficacia como fin inmediato.— VI. La razonabilidad como límite de las medidas.— VII. Análisis sistémico de la legitimidad de las medidas.— VIII. Conclusión.  t¿Te interesa el texto completo? Solicitalo al correo: koha@justierradelfuego.gov.ar  09968aALIMENTOS 091497aCODIGO CIVIL Y COMERCIAL0 0271493171dCiudad Autónoma de Buenos Aires : Thomson Reuters La Ley, 2014-tRevista anales de legislación argentina. Nº 11 - Noviembre 2024. 2udccANA